Soft computing : art and design
Αποθηκεύτηκε σε:
| Κύριος συγγραφέας: | |
|---|---|
| Μορφή: | Βιβλίο |
| Γλώσσα: | English |
| Δημοσίευση: |
Wokingham, England : Reading, Mass. :
Addison-Wesley Pub. Co.,
[1985], c1984
|
| Σειρά: | Small computer series
|
| Θέματα: | |
| Ετικέτες: |
Προσθήκη ετικέτας
Δεν υπάρχουν, Καταχωρήστε ετικέτα πρώτοι!
|
MARC
| LEADER | 00000cam a2200000 i 4500 | ||
|---|---|---|---|
| 001 | 1/49660 | ||
| 008 | 950315t19851984 eng d | ||
| 020 | |a 0201146339 ((pbk.)) |c Ή10.95 | ||
| 035 | |l 10026873 | ||
| 040 | |a GR-MY-UA |b gre |e aacr | ||
| 041 | 0 | |a eng | |
| 082 | 0 | |a 001.6443 |2 (19) | |
| 100 | 1 | |a Smith, Brian Reffin. | |
| 245 | 1 | 0 | |a Soft computing : |b art and design / |c Brian Reffin Smith |
| 260 | |a Wokingham, England : |a Reading, Mass. : |b Addison-Wesley Pub. Co., |c [1985], c1984 | ||
| 300 | |a 196 p., [4] p. of plates; |b ill. (some col.); |c 24 cm | ||
| 490 | 1 | |a Small computer series | |
| 500 | |a Includes index | ||
| 504 | |a Bibliography: p. 190-194 | ||
| 650 | 0 | 0 | |a Computer graphics. |
| 830 | 0 | |a Small computer series | |
| 852 | |a INST |b CHIOS |e 19950315 |h 001.6443 REF |p 005200006836 |q 005200006836 |t BK |y 0 | ||
| 909 | |a Χ |b 000080 | ||